000 00560nam a2200181Ia 4500
008 100917s9999 xx 000 0 und d
082 _b14102
100 _aगर्दे अनंत हरी
245 _aसंगीत स्वराज्य सुंदरी
260 _b---
300 _a10
365 _b0.12
520 _aकविता
630 _aसंगीत स्वराज्य सुंदरी
650 _aकविता
730 _aसंगीत स्वराज्य सुंदरी
942 _cBOOK
999 _c619496
_d619493